[Event "Caissa"]
[Site "SchemingMind.com"]
[Date "2010.11.13"]
[Round "-"]
[White "cnile"]
[Black "Naoki_M"]
[Result "1-0"]
[WhiteCountry "SCO"]
[BlackCountry "JPN"]
[WhiteElo "1459"]
[WhiteRD "63"]
[BlackElo "1587"]
[BlackRD "69"]
[GameID "266353"]

1. e4 e5 2. Nf3 Nc6 3. d4 exd4 4. Nxd4 Nxd4 5. Qxd4 b6 6. Qd5 c6 7. Qe5+ Ne7 8. Bh6 f6 9. Qh5+ Ng6 10. Be3 Bd6
11. Bd3 Be5 12. Nc3 O-O 13. f4 Bxf4 14. Bxf4 Nxf4 15. Qf3 Nxd3+ 16. Qxd3 Bb7 17. Qd6 Re8 18. O-O b5 19. Rae1 Re6 20. Qc5 Qb6
21. Qxb6 axb6 22. a3 Ba6 23. b4 Rae8 24. Rd1 Bc8 25. Rf5 d5 26. exd5 cxd5 27. Rfxd5 Ba6 28. Nxb5 Bxb5 29. Rxb5 Rc6 30. Rd2 Re7
31. Rd8+ Kf7 32. h3 g5 33. Rb8 Ree6 34. a4 Ke7 35. c4 h5 36. Rb7+ Kf8 37. c5 bxc5 38. Rb8+ Kf7 39. Rxc5 Ra6 40. a5 Ke7
41. Rd5 Red6 42. Rc5 Rac6 43. Rb7+ Ke6 44. Rxc6 Rxc6 45. Rb6 Rxb6 46. axb6 Kd7 47. Kf2 Kc6 48. b7 Kxb7 49. Ke3 f5 50. Kd4 Kc6
51. Ke5 f4 52. Kf5 g4 53. hxg4 hxg4 54. Kxg4 Kb5 55. Kxf4 Kxb4 56. g4 Kc5 57. Kf5 Kd6 58. g5 Ke7 59. Kg6
1-0

[Event "Caissa"]
[Site "SchemingMind.com"]
[Date "2010.11.13"]
[Round "-"]
[White "Naoki_M"]
[Black "cnile"]
[Result "0-1"]
[WhiteCountry "JPN"]
[BlackCountry "SCO"]
[WhiteElo "1663"]
[WhiteRD "73"]
[BlackElo "1452"]
[BlackRD "60"]
[GameID "266360"]

1. d4 Nf6 2. c4 e6 3. Nc3 Bb4 4. Bd2 c5 5. Nf3 O-O 6. e3 cxd4 7. exd4 d5 8. c5 Ba5 9. Bd3 Nc6 10. O-O Bc7
11. a3 Re8 12. b4 e5 13. dxe5 Nxe5 14. Nxe5 Bxe5 15. Rc1 Bd7 16. Re1 h6 17. a4 Rc8 18. Qc2 Qc7 19. Nb5 Bxh2+ 20. Kf1 Qb8
21. Rxe8+ Rxe8 22. g3 Bh3#
0-1

[Event "Caissa"]
[Site "SchemingMind.com"]
[Date "2010.11.15"]
[Round "-"]
[White "mochiron"]
[Black "Olli Ylönen"]
[Result "0-1"]
[WhiteCountry "JPN"]
[BlackCountry "FIN"]
[WhiteElo "1470"]
[WhiteRD "66"]
[BlackElo "1607"]
[BlackRD "58"]
[GameID "266557"]

1. h4 d5 2. e3 e5 3. a3 Nc6 4. Be2 Nf6 5. Nc3 b6 6. d4 e4 7. Nh3 Bxh3 8. Rxh3 Be7 9. h5 h6 10. Bg4 Nxg4
11. Qxg4 Bf6 12. Nxe4 dxe4 13. Qxe4+ Ne7 14. Bd2 O-O 15. Rg3 Qd5 16. Qd3 Nf5 17. Rf3 Nh4 18. Rg3 Nxg2+ 19. Rxg2 Qxg2 20. O-O-O Qxf2
21. Rf1 Qh4 22. Be1 Qxh5 23. Bc3 Rad8 24. d5 Rxd5 25. Bd4 Bxd4 26. exd4 Qg6 27. Qc3 c5 28. dxc5 Rxc5 29. Qf3 Qxc2#
0-1

[Event "Caissa"]
[Site "SchemingMind.com"]
[Date "2010.11.15"]
[Round "-"]
[White "Olli Ylönen"]
[Black "mochiron"]
[Result "0-1"]
[WhiteCountry "FIN"]
[BlackCountry "JPN"]
[WhiteElo "1607"]
[WhiteRD "58"]
[BlackElo "1470"]
[BlackRD "66"]
[GameID "266559"]

1. e4 c5 2. c3 Nc6 3. d4 cxd4 4. cxd4 d6 5. Nc3 e5 6. d5 Nd4 7. Nf3 Bg4 8. Be2 Nxe2 9. Qxe2 Nf6 10. Qb5+ Nd7
11. Qxb7 Bxf3 12. gxf3 Be7 13. Be3 O-O 14. Bxa7 Rc8 15. Rb1 Nc5 16. Qb5 Bh4 17. Bxc5 dxc5 18. Qe2 f5 19. exf5 Rxf5 20. Ne4 Qa5+
21. Nc3 Rd8 22. Kf1 Qc7 23. Qe4 Rf4 24. Nb5 Qd7 25. Qxe5 Qh3+ 26. Ke1 Qxf3 27. Kd2 Rxd5+
0-1

[Event "Caissa"]
[Site "SchemingMind.com"]
[Date "2010.11.12"]
[Round "-"]
[White "Clive Everill"]
[Black "PeterLiberty"]
[Result "1-0"]
[WhiteCountry "CZE"]
[BlackCountry "USA"]
[WhiteElo "1707"]
[WhiteRD "50"]
[BlackElo "1476"]
[BlackRD "61"]
[GameID "266741"]

1. e4 c5 2. Nf3 d6 3. d4 cxd4 4. Nxd4 Nf6 5. f3 e5 6. Nc3 exd4 7. Qxd4 Be7 8. Bb5+ Nc6 9. Qd3 a6 10. Bxc6+ bxc6
11. O-O O-O 12. f4 Bb7 13. h3 d5 14. e5 Nd7 15. Be3 Bc5 16. Bxc5 Nxc5 17. Qg3 Ne4 18. Nxe4 dxe4 19. Rad1 Qb6+ 20. Kh2 c5
21. f5 c4 22. f6 g6 23. Qg5 e3 24. Qh6
1-0

[Event "Caissa"]
[Site "SchemingMind.com"]
[Date "2010.11.12"]
[Round "-"]
[White "PeterLiberty"]
[Black "Clive Everill"]
[Result "1/2-1/2"]
[WhiteCountry "USA"]
[BlackCountry "CZE"]
[WhiteElo "1528"]
[WhiteRD "63"]
[BlackElo "1684"]
[BlackRD "49"]
[GameID "266743"]

1. e4 Nc6 2. d4 d5 3. Nc3 dxe4 4. d5 Ne5 5. Qd4 Ng6 6. Be3 e5 7. dxe6 Bxe6 8. Qxd8+ Rxd8 9. Be2 b6 10. Nxe4 Be7
11. Nf3 Nf6 12. Nxf6+ Bxf6 13. c3 O-O 14. O-O c5 15. Rad1 Bxa2 16. Rxd8 Rxd8 17. Rd1 Rxd1+ 18. Bxd1 Bd5 19. Be2 Ne7 20. Nd2 Nf5
21. Bf4 Ne7 22. f3 Bb7 23. Bc4 a6 24. Bd6 Nf5 25. Bc7 b5 26. Bd3 Ne7 27. Ne4 Nd5 28. Nxf6+ Nxf6 29. Be4 Nxe4 30. fxe4 Bxe4
31. Bb6 c4 32. Kf2 f5 33. g3 Kf7 34. Ke3 Ke6 35. g4 g6 36. h3 Kd5 37. Kf2 f4 38. Bd4 b4 39. Bb6 b3 40. Ba5 Bh1
41. Bb6 Ke4 42. g5 Kd3 43. Bc5 f3 44. Ba3 Kc2 45. h4 a5 46. Kg1 Bg2 47. Kf2 Kd2 48. Bc5 a4 49. Bb4 Kc2=
1/2-1/2

[Event "Caissa"]
[Site "SchemingMind.com"]
[Date "2010.11.13"]
[Round "-"]
[White "Erik Johnson"]
[Black "Roger Martindale"]
[Result "1/2-1/2"]
[WhiteCountry "USA"]
[BlackCountry "USA"]
[WhiteElo "1698"]
[WhiteRD "83"]
[BlackElo "1418"]
[BlackRD "101"]
[GameID "266779"]

1. e4 e5 2. Nf3 Nc6 3. d4 exd4 4. Nxd4 Nxd4 5. Qxd4 Ne7 6. Nc3 Nc6 7. Qe3 a6 8. Bd3 b6 9. O-O Bc5 10. Qf3 Nd4
11. Qd1 h6 12. Ne2 Nxe2+ 13. Qxe2 O-O 14. Be3 Qe7 15. Bxc5 Qxc5 16. Rfe1 Bb7 17. Qe3 Qxe3 18. Rxe3 Rfe8 19. Rae1 Re7 20. f4 d5
21. exd5 Rxe3 22. Rxe3 Bxd5 23. a3 a5 24. Re7 c6 25. Rb7 b5 26. c3 a4 27. Re7 Rf8 28. Kf2 g6 29. g3 Kg7 30. Ke3 h5
31. Kd4 Rd8 32. Kc5 Bg2 33. Be4 Bxe4 34. Rxe4 Rd2 35. Kxc6 Rxb2 36. Rb4 Rxh2 37. Kxb5 Rg2 38. c4 Rxg3 39. Kxa4 h4 40. c5 h3
41. c6 h2 42. c7 h1=Q 43. c8=Q Qd1+ 44. Kb5 Rb3 45. Rxb3 Qxb3+ 46. Kc6 Qf3+ 47. Kb5 Qxa3 48. Qc4 Qb2+ 49. Kc5 Qf2+ 50. Qd4+ Qxd4+
51. Kxd4 Kf6 52. Ke4 g5 53. Kf3 Kf5 54. fxg5 Kxg5 55. Kg3 f6 56. Kf3 f5 57. Kg3 f4+ 58. Kf3 Kf5 59. Kf2 Ke4 60. Ke2 f3+
61. Kf1 Ke3 62. Ke1 f2+ 63. Kf1 Kf3
1/2-1/2

[Event "Caissa"]
[Site "SchemingMind.com"]
[Date "2010.11.15"]
[Round "-"]
[White "Roger Martindale"]
[Black "Erik Johnson"]
[Result "0-1"]
[WhiteCountry "USA"]
[BlackCountry "USA"]
[WhiteElo "1418"]
[WhiteRD "101"]
[BlackElo "1698"]
[BlackRD "83"]
[GameID "266784"]

1. e4 d5 2. exd5 Qxd5 3. Nc3 Qa5 4. a3 c6 5. h3 Nf6 6. b4 Qd8 7. Nf3 e6 8. Bc4 Be7 9. d3 Nd5 10. Bd2 O-O
11. d4 Nd7 12. Bb3 N7f6 13. O-O Nxc3 14. Bxc3 Nd5 15. Bxd5 cxd5 16. Re1 b6 17. Ne5 Bd6 18. Re3 Ba6 19. Bd2 Bc4 20. Nxc4 dxc4
21. b5 Qf6 22. Bb4 Bxb4 23. axb4 Rfd8 24. Re4 Qf5 25. f3 Qxb5 26. c3 Qc6 27. Qb1 b5 28. Rh4 g6 29. Re4 Qc7 30. Re5 Qd6
31. Rxb5 Qf4 32. Rc5 Qe3+ 33. Kh1 Qxc3 34. Qc1 Qxb4 35. Rxc4 Qb6 36. Qd1 e5 37. Rb1 Rxd4 38. Rxd4 Qxd4 39. Qxd4 exd4 40. Rb7 a5
41. Rd7 a4 42. Rxd4 a3 43. Rd1 a2 44. Ra1 Kg7 45. g4 Kf6 46. Kg2 Kg5 47. Kg3 Ra3 48. h4+ Kf6 49. Kf4 h6 50. g5+ hxg5+
51. hxg5+ Ke6 52. Ke4 Ra4+ 53. Kd3 Kf5 54. Kc3 Kxg5 55. Kb3 Ra8 56. Rxa2 Rxa2 57. Kxa2 Kf4 58. Kb3 Kxf3 59. Kc2 g5 60. Kd1 Kf2
61. Kd2 g4
0-1

[Event "Caissa"]
[Site "SchemingMind.com"]
[Date "2010.11.15"]
[Round "-"]
[White "highway61"]
[Black "maro"]
[Result "1-0"]
[WhiteCountry "USA"]
[BlackCountry "MEX"]
[WhiteElo "1676"]
[WhiteRD "100"]
[BlackElo "1336"]
[BlackRD "56"]
[GameID "266927"]

1. d4 d5 2. c4 e5 3. dxe5 Bc5 4. Qxd5 Qxd5 5. cxd5 Ne7 6. Nc3 Bd4 7. d6 cxd6 8. Nb5 Bb6 9. Nxd6+ Kf8 10. Nxc8 Nxc8
11. Bf4 Nc6 12. Nf3 h6 13. e3 g5 14. Bg3 Ba5+ 15. Nd2 N8e7 16. Bd3 Bxd2+ 17. Kxd2 Rd8 18. Ke2 Kg7 19. Rhd1 Nd5 20. Be4 f5
21. Bxf5 Rhf8 22. e4 Ncb4 23. e6 Nf4+ 24. Bxf4 gxf4 25. e7 Rde8 26. exf8=Q+ Rxf8 27. Rd7+
1-0

[Event "Caissa"]
[Site "SchemingMind.com"]
[Date "2010.11.16"]
[Round "-"]
[White "maro"]
[Black "highway61"]
[Result "1-0"]
[WhiteCountry "MEX"]
[BlackCountry "USA"]
[WhiteElo "1336"]
[WhiteRD "56"]
[BlackElo "1676"]
[BlackRD "100"]
[GameID "266933"]

1. c4 e5 2. Nc3 Nc6 3. d4 Nf6 4. d5 Ne7 5. Bg5 Nf5 6. Ne4 h6 7. Nxf6+ gxf6 8. Bd2 c6 9. e4 Nd4 10. Nf3 Bc5
11. b4 Nxf3+ 12. Qxf3 Bd4 13. Bc3 Qe7 14. c5 d6 15. dxc6 bxc6 16. b5 cxb5 17. Bxb5+ Bd7 18. cxd6 Qxd6 19. Bxd7+ Qxd7 20. O-O Rc8
21. Rac1 h5 22. Rfd1 Ke7 23. Bb4+ Ke8 24. Qxf6 Rg8 25. Rxc8+ Qxc8 26. Qe7#
1-0

[Event "Caissa"]
[Site "SchemingMind.com"]
[Date "2010.11.20"]
[Round "-"]
[White "baobab"]
[Black "emvarela"]
[Result "0-1"]
[WhiteCountry "ITA"]
[BlackCountry "ARG"]
[WhiteElo "1623"]
[WhiteRD "83"]
[BlackElo "1783"]
[BlackRD "56"]
[GameID "266993"]

1. d4 Nf6 2. Nc3 d5 3. Bg5 e6 4. e4 dxe4 5. Nxe4 Be7 6. Nxf6+ Bxf6 7. Bf4 Qxd4 8. Bd3 Qxf4 9. Ne2 Qb4+ 10. c3 Qxb2
11. O-O Nc6 12. Be4 Bxc3 13. Rb1 Qd2 14. Nxc3 Qxc3 15. Rc1 Qa3 16. Bxc6+ bxc6 17. Rxc6 Ba6 18. Re1 Rd8 19. Qg4 O-O 20. h4 Qxa2
21. h5 Qd2 22. Qe4 Bb7
0-1

[Event "Caissa"]
[Site "SchemingMind.com"]
[Date "2010.11.15"]
[Round "-"]
[White "madrugada"]
[Black "Odinson"]
[Result "1-0"]
[WhiteCountry "BEL"]
[BlackCountry "USA"]
[WhiteElo "1847"]
[WhiteRD "110"]
[BlackElo "1596"]
[BlackRD "105"]
[GameID "266997"]

1. e4 d5 2. d4 dxe4 3. Nc3 Nf6 4. f3 exf3 5. Nxf3 Bf5 6. Bc4 e6 7. Bg5 Be7 8. O-O Nc6 9. d5 exd5 10. Bxf6 Bxf6
11. Qe2+ Qe7 12. Nxd5 Qxe2 13. Nxf6+ gxf6 14. Bxe2 O-O-O 15. c3 Bg4 16. Rad1 Rhe8 17. Rxd8+ Nxd8 18. Bb5 c6 19. Bc4 Re7 20. Nd4 c5
21. Nf5 Bxf5 22. Rxf5 Re1+ 23. Kf2 Rb1 24. Rxc5+ Kd7 25. Rd5+ Kc7 26. Rd2 Ne6 27. Bd5 h6 28. a3 Ng5 29. h4 Ne6 30. Kf3 Rf1+
31. Kg4 h5+ 32. Kxh5 Nf4+ 33. Kh6 Nxd5 34. Rxd5 Rf2 35. g4 Rxb2 36. Kg7 Rg2 37. Rd4 f5 38. g5 Rg4 39. Kxf7 Rg3 40. g6 Rg4
41. Rxg4 fxg4 42. g7
1-0

[Event "Caissa"]
[Site "SchemingMind.com"]
[Date "2010.11.20"]
[Round "-"]
[White "emvarela"]
[Black "baobab"]
[Result "1-0"]
[WhiteCountry "ARG"]
[BlackCountry "ITA"]
[WhiteElo "1783"]
[WhiteRD "56"]
[BlackElo "1623"]
[BlackRD "83"]
[GameID "267000"]

1. e4 e6 2. d4 d5 3. Nc3 Bb4 4. e5 c5 5. a3 cxd4 6. axb4 Nc6 7. Bb5 Ne7 8. Bxc6+ bxc6 9. Qxd4 O-O 10. Bg5 Qc7
11. Bxe7 Qxe7 12. Nf3 Ba6 13. Rxa6 Qb7 14. Ra4 a5 15. O-O axb4 16. Rxb4 Qc7 17. Qb6 Qe7 18. Ra4 Rab8 19. Qxc6 Rxb2 20. Nb5 h6
21. Ra7 Qb4 22. Nd6
1-0

[Event "Caissa"]
[Site "SchemingMind.com"]
[Date "2010.11.15"]
[Round "-"]
[White "Odinson"]
[Black "madrugada"]
[Result "0-1"]
[WhiteCountry "USA"]
[BlackCountry "BEL"]
[WhiteElo "1596"]
[WhiteRD "105"]
[BlackElo "1847"]
[BlackRD "110"]
[GameID "267004"]

1. e4 c5 2. Nc3 Nc6 3. f4 e6 4. Nf3 d5 5. e5 f5 6. a3 Nh6 7. Ng5 Nxe5 8. Nxe6 Bxe6 9. fxe5 g6 10. Bb5+ Kf7
11. O-O Bg7 12. d3 Bxe5 13. Bxh6 Qh4 14. Bf4 Bxf4 15. g3 Be3+ 16. Kg2 Qg5 17. Qf3 d4 18. Ne2 b6 19. Qb7+ Qe7 20. Qf3 Rad8
21. a4 Bd5
0-1

[Event "Caissa"]
[Site "SchemingMind.com"]
[Date "2010.11.21"]
[Round "-"]
[White "marks"]
[Black "Amateur Analyst"]
[Result "0-1"]
[WhiteCountry "PHI"]
[BlackCountry "USA"]
[WhiteElo "1649"]
[WhiteRD "92"]
[BlackElo "1903"]
[BlackRD "88"]
[GameID "267096"]

1. Nf3 Nf6 2. d4 g6 3. g3 Bg7 4. Bg2 O-O 5. c4 d6 6. Nc3 Nbd7 7. e4 e5 8. O-O exd4 9. Nxd4 Re8 10. Re1 Ne5
11. b3 c6 12. Bg5 h6 13. Bc1 Kh7 14. Qc2 Be6 15. Bb2 Qc8 16. Nxe6 fxe6 17. Rad1 Qc7 18. f4 Nf7 19. Bf3 e5 20. Ne2 Rad8
21. Kg2 Rd7 22. Rd2 Rde7 23. f5 gxf5 24. exf5 e4 25. Bxf6 exf3+ 26. Kxf3 Bxf6 27. g4 Ne5+
0-1

[Event "Caissa"]
[Site "SchemingMind.com"]
[Date "2010.11.20"]
[Round "-"]
[White "Amateur Analyst"]
[Black "marks"]
[Result "1-0"]
[WhiteCountry "USA"]
[BlackCountry "PHI"]
[WhiteElo "1903"]
[WhiteRD "88"]
[BlackElo "1649"]
[BlackRD "92"]
[GameID "267103"]

1. e4 e5 2. Nf3 Nf6 3. Nxe5 d6 4. Nf3 Nxe4 5. d4 Be7 6. Bd3 Bf5 7. O-O O-O 8. Re1 d5 9. Nbd2 Nxd2 10. Qxd2 Bg4
11. Qe3 Nc6 12. Ne5 Nxe5 13. Qxe5 c6 14. Qxe7 Qc8 15. Qh4 Bf5 16. Qg3 Bg6 17. Bd2 Qd7 18. Bxg6 fxg6 19. Re2 Rf7 20. Rae1 a5
21. Re5 Raf8 22. Qe3 Qg4 23. Re8 Rxe8 24. Qxe8+ Rf8 25. Qe6+
1-0

[Event "Caissa"]
[Site "SchemingMind.com"]
[Date "2011.01.09"]
[Round "-"]
[White "Erik Johnson"]
[Black "Amateur Analyst"]
[Result "0-1"]
[WhiteCountry "USA"]
[BlackCountry "USA"]
[WhiteElo "1683"]
[WhiteRD "86"]
[BlackElo "1955"]
[BlackRD "91"]
[GameID "272371"]

1. e4 e5 2. Nf3 Nc6 3. d4 exd4 4. Nxd4 Bc5 5. Be3 Qf6 6. c3 Nge7 7. Bc4 O-O 8. O-O d6 9. Qd3 Ne5 10. Qe2 Qg6
11. f3 Nxc4 12. Qxc4 Be6 13. Qe2 Bd7 14. Nd2 a6 15. N2b3 Bb6 16. Bd2 c5 17. Nc2 c4+ 18. Nbd4 Be6 19. f4 f5 20. e5 dxe5
21. Qxe5 Nc6 22. Qe3 Bd5 23. g3 Be4 24. Ne1 Rfd8 25. Nef3 Bxf3 26. Qxf3 Nxd4 27. cxd4 Bxd4+ 28. Kh1 b5 29. Bc3 Bxc3 30. Qxc3 Qc6+
31. Kg1 Rd3 32. Qe5 Rd5 33. Qe2 Re8 34. Qc2= Rd3 35. Rad1 Qd7 36. b3 Qd4+ 37. Kg2 Qe4+
0-1

[Event "Caissa"]
[Site "SchemingMind.com"]
[Date "2011.01.09"]
[Round "-"]
[White "Amateur Analyst"]
[Black "Erik Johnson"]
[Result "1-0"]
[WhiteCountry "USA"]
[BlackCountry "USA"]
[WhiteElo "1955"]
[WhiteRD "91"]
[BlackElo "1683"]
[BlackRD "86"]
[GameID "272377"]

1. e4 d5 2. exd5 Qxd5 3. Nc3 Qa5 4. d4 c6 5. Nf3 Bg4 6. h3 Bh5 7. g4 Bg6 8. Bg2 e6 9. h4 Bb4 10. Bd2 Ne7
11. h5 Bxc2 12. Qxc2 Nd5 13. Nxd5 Bxd2+ 14. Qxd2 Qxd2+ 15. Kxd2 cxd5 16. Rac1 Nc6 17. Bf1 O-O 18. g5 Rac8 19. Bd3 f6 20. g6 h6
21. Rhe1 Rfe8 22. b4 e5 23. dxe5 fxe5 24. Nxe5 Nxb4 25. Nf7 Nxa2 26. Rxc8 Rxc8 27. Nd6 Rb8 28. Ra1 Nb4 29. Rxa7 b6 30. Nf5 Nxd3
31. Rxg7+ Kf8 32. Rf7+
1-0

[Event "Caissa"]
[Site "SchemingMind.com"]
[Date "2011.01.30"]
[Round "-"]
[White "emvarela"]
[Black "madrugada"]
[Result "0-1"]
[WhiteCountry "ARG"]
[BlackCountry "BEL"]
[WhiteElo "1800"]
[WhiteRD "49"]
[BlackElo "1972"]
[BlackRD "79"]
[GameID "274112"]

1. e4 e5 2. Nf3 d6 3. d4 exd4 4. Nxd4 Nf6 5. Nc3 Be7 6. Bf4 O-O 7. Be2 Bd7 8. O-O Nc6 9. Qd3 Nb4 10. Qg3 Re8
11. a3 Nc6 12. Nxc6 Bxc6 13. Bd3 Nh5 14. Qf3 Nxf4 15. Qxf4 Bg5 16. Qg3 Bf6 17. f3 Bd4+ 18. Kh1 Qf6 19. Nd5 Bxd5 20. exd5 Bxb2
21. Rab1 Rab8 22. Qf2 Bxa3 23. Rfe1 Bc5 24. Rxe8+ Rxe8
0-1

[Event "Caissa"]
[Site "SchemingMind.com"]
[Date "2011.02.18"]
[Round "-"]
[White "highway61"]
[Black "Olli Ylönen"]
[Result "0-1"]
[WhiteCountry "USA"]
[BlackCountry "FIN"]
[WhiteElo "1586"]
[WhiteRD "94"]
[BlackElo "1642"]
[BlackRD "51"]
[GameID "276024"]

1. d4 Nf6 2. c4 e6 3. Nc3 Bb4 4. Qc2 O-O 5. a3 Bxc3+ 6. Qxc3 b6 7. Bg5 Bb7 8. e3 d6 9. Nf3 Nbd7 10. Bd3 h6
11. Bh4 c5 12. O-O Rc8 13. Rfe1 Bxf3 14. gxf3 g5 15. Bg3 d5 16. f4 Nh7 17. b4 Ndf6 18. bxc5 bxc5 19. Rab1 dxc4 20. Qxc4 cxd4
21. Qa6 dxe3 22. Rxe3 Nd5 23. Bxh7+ Kxh7 24. Qd3+ Kg8 25. Re5 gxf4 26. Bxf4 Nxf4 27. Qg3+ Ng6 28. Rb4 Kh8 29. Rh5 Kh7 30. Qe3 Qd1+
31. Kg2 Qxh5 32. Qxa7 Nf4+
0-1

[Event "Caissa"]
[Site "SchemingMind.com"]
[Date "2011.02.19"]
[Round "-"]
[White "Olli Ylönen"]
[Black "highway61"]
[Result "1-0"]
[WhiteCountry "FIN"]
[BlackCountry "USA"]
[WhiteElo "1642"]
[WhiteRD "51"]
[BlackElo "1586"]
[BlackRD "94"]
[GameID "276026"]

1. e4 d6 2. d4 Nf6 3. Nc3 g6 4. Nf3 Bg7 5. Be2 O-O 6. O-O Bg4 7. Be3 Nc6 8. Qd2 e5 9. d5 Ne7 10. Rad1 c6
11. dxc6 Nxc6 12. Qxd6 Qxd6 13. Rxd6 Rad8 14. Rxd8 Rxd8 15. Rd1 a6 16. Rxd8+ Nxd8 17. Nxe5 Bxe2 18. Nxe2 Nxe4 19. Bd4 Ne6 20. f4 Nxd4
21. Nxd4 g5 22. g3 gxf4 23. gxf4 Bh6 24. Ne2 Kg7 25. Ng4 f6 26. Nxh6 Kxh6 27. Kg2 Kg6 28. Kf3 Nd2+ 29. Kf2 Kf5 30. b3 Ke4
31. Kg3 Nf1+ 32. Kg4 Nxh2+ 33. Kh5 Ke3 34. Nc3 Kxf4 35. Kh6 f5 36. Kxh7 Kg5 37. Kg7 Kg4 38. Nd5 Nf1 39. Kf6 f4 40. Nxf4 Kxf4
41. Ke6 Ke4 42. Kd6 Kd4 43. Kc7 Kc3 44. Kxb7 Kb4 45. Kxa6 Nd2 46. a4 Ne4 47. a5 Nc5+ 48. Kb6 Nd7+ 49. Kc7 Nc5 50. Kc6 Nxb3
51. a6 Na5+ 52. Kc7
1-0

[Event "Caissa"]
[Site "SchemingMind.com"]
[Date "2011.04.25"]
[Round "-"]
[White "madrugada"]
[Black "Amateur Analyst"]
[Result "1-0"]
[WhiteCountry "BEL"]
[BlackCountry "USA"]
[WhiteElo "2023"]
[WhiteRD "76"]
[BlackElo "1897"]
[BlackRD "107"]
[GameID "281780"]

1. c4 c5 2. Nf3 Nf6 3. d4 e6 4. d5 exd5 5. cxd5 d6 6. e4 g6 7. Nc3 Bg7 8. Bb5+ Nbd7 9. Bf4 Qe7 10. O-O O-O
11. Re1 a6 12. Bf1 Ng4 13. h3 Nge5 14. Nxe5 Nxe5 15. Qd2 b5 16. Bh6 Bxh6 17. Qxh6 Re8 18. f4 Nd7 19. f5 Ne5 20. a4 b4
21. Nd1 a5 22. Bb5 Rf8 23. Nf2
1-0

[Event "Caissa"]
[Site "SchemingMind.com"]
[Date "2011.04.23"]
[Round "-"]
[White "Amateur Analyst"]
[Black "madrugada"]
[Result "0-1"]
[WhiteCountry "USA"]
[BlackCountry "BEL"]
[WhiteElo "1897"]
[WhiteRD "107"]
[BlackElo "2023"]
[BlackRD "76"]
[GameID "281784"]

1. e4 c6 2. d4 d5 3. Nd2 dxe4 4. Nxe4 Bf5 5. Ng3 Bg6 6. h4 h6 7. Nf3 Nf6 8. Ne5 Bh7 9. Bd3 Bxd3 10. Qxd3 e6
11. Bd2 Be7 12. f4 O-O 13. O-O-O Nbd7 14. Qe2 c5 15. dxc5 Nxc5 16. Bc3 Qc7 17. f5 Na4 18. fxe6 Nxc3 19. exf7+ Rxf7 20. bxc3 Ba3+
21. Kd2 Rd8+ 22. Nd3 Qxg3 23. Rh3 Qf4+ 24. Ke1 Qc7
0-1

[Event "Caissa"]
[Site "SchemingMind.com"]
[Date "2011.04.27"]
[Round "-"]
[White "Clive Everill"]
[Black "cnile"]
[Result "1-0"]
[WhiteCountry "CZE"]
[BlackCountry "SCO"]
[WhiteElo "1747"]
[WhiteRD "51"]
[BlackElo "1450"]
[BlackRD "57"]
[GameID "282234"]

1. e4 e6 2. d4 d5 3. Nd2 Nf6 4. e5 Nfd7 5. c3 c5 6. Bd3 Nc6 7. Ngf3 cxd4 8. cxd4 Bb4 9. O-O O-O 10. Nb3 b6
11. Bg5 f6 12. exf6 Nxf6 13. Qc2 Be7 14. Bxf6 Bxf6 15. Bxh7+ Kh8 16. Bg6 e5 17. Qxc6 Bg4 18. Nxe5 Bxe5 19. dxe5 Qh4 20. Qxd5 Rad8
21. Qc4 Qg5 22. Be4 Qxe5 23. h3 Be6 24. Qb4 Qg5 25. Kh1 Qh4 26. Rad1 Rde8 27. f4 Bxh3 28. gxh3 Qxh3+ 29. Kg1 Qg3+ 30. Bg2 Rf5
31. Rf3 Qg4 32. Rh3+ Kg8 33. Qc4+ Rf7 34. Rf1 Rf8 35. Kh2 Qf5 36. Bd5 Rc8 37. Bxf7+ Kf8 38. Qxc8+ Kxf7 39. Qxf5+
1-0

[Event "Caissa"]
[Site "SchemingMind.com"]
[Date "2011.04.30"]
[Round "-"]
[White "cnile"]
[Black "Clive Everill"]
[Result "0-1"]
[WhiteCountry "SCO"]
[BlackCountry "CZE"]
[WhiteElo "1442"]
[WhiteRD "58"]
[BlackElo "1710"]
[BlackRD "53"]
[GameID "282239"]

1. e4 e5 2. Nf3 Nc6 3. d4 exd4 4. Nxd4 Qh4 5. Nc3 Bb4 6. Be2 a6 7. O-O Bxc3 8. bxc3 Nge7 9. Qd3 O-O 10. Nf3 Qf6
11. Bg5 Qe6 12. Rfe1 b5 13. e5 Nxe5 14. Nxe5 Qxe5 15. Bxe7 Qxe7 16. Bf3 Qd8 17. Bxa8 c6 18. Bxc6 dxc6 19. Qxd8 Rxd8 20. Rad1 Rf8
21. Rd6 Bb7 22. Re7 Ba8 23. Ra7 Re8 24. Rad7 Re1#
0-1

[Event "Caissa"]
[Site "SchemingMind.com"]
[Date "2011.06.14"]
[Round "-"]
[White "Olli Ylönen"]
[Black "Clive Everill"]
[Result "1-0"]
[WhiteCountry "FIN"]
[BlackCountry "CZE"]
[WhiteElo "1692"]
[WhiteRD "51"]
[BlackElo "1760"]
[BlackRD "50"]
[GameID "286472"]

1. e4 a6 2. d4 b5 3. Nf3 Bb7 4. Bd3 Nf6 5. Qe2 e6 6. O-O c5 7. c3 cxd4 8. cxd4 Be7 9. a4 b4 10. Nbd2 a5
11. Nb3 O-O 12. e5 Nd5 13. Nc5 Bc6 14. Ne4 d6 15. Neg5 g6 16. exd6 Bxd6 17. Re1 Nd7 18. Nxe6 fxe6 19. Qxe6+ Kh8 20. Qxd6 Rc8
21. Bh6 Rf6 22. Re6 Rxf3 23. gxf3 Qh4 24. Rae1 Qxh6 25. Re8+ Rxe8 26. Rxe8+ Kg7 27. Qxc6 Qg5+ 28. Kf1 Nf4 29. Qxd7+ Kh6 30. Qg4 Qf6
31. Bxg6 Nxg6 32. Qh3+ Kg7 33. d5 Qxb2 34. Qd7+ Kh6 35. d6 Qc1+ 36. Re1 Qc4+ 37. Kg1 Qh4 38. Qf5 Nf4 39. d7 Nh3+ 40. Qxh3 Qxh3
41. d8=Q Qxf3 42. Re6+ Kh5 43. Qxa5+ Kg4 44. Qxb4+ Kf5 45. Qf8+
1-0

[Event "Caissa"]
[Site "SchemingMind.com"]
[Date "2011.06.14"]
[Round "-"]
[White "Clive Everill"]
[Black "Olli Ylönen"]
[Result "1-0"]
[WhiteCountry "CZE"]
[BlackCountry "FIN"]
[WhiteElo "1747"]
[WhiteRD "51"]
[BlackElo "1669"]
[BlackRD "50"]
[GameID "286476"]

1. e4 e5 2. f4 exf4 3. Nf3 g5 4. h4 g4 5. Ne5 Nf6 6. Bc4 d5 7. Bxd5 Nxd5 8. exd5 Qxd5 9. Qe2 Qe6 10. d4 f6
11. Nd3 f3 12. Qxe6+ Bxe6 13. gxf3 gxf3 14. Bf4 c6 15. Nd2 Bg4 16. Rf1 Rg8 17. Nxf3 Bxf3 18. Rxf3 Rg4 19. Re3+ Be7 20. O-O-O Kf7
21. Rde1 Bf8 22. Re8 Rg1 23. Rxf8+ Kxf8 24. Rxg1 h5 25. Nc5 b6 26. Ne6+ Kf7 27. Nc7
1-0

[Event "Caissa"]
[Site "SchemingMind.com"]
[Date "2011.08.04"]
[Round "-"]
[White "Clive Everill"]
[Black "madrugada"]
[Result "0-1"]
[WhiteCountry "CZE"]
[BlackCountry "BEL"]
[WhiteElo "1760"]
[WhiteRD "50"]
[BlackElo "2036"]
[BlackRD "74"]
[GameID "290048"]

1. e4 c5 2. Nf3 Nc6 3. Bb5 g6 4. O-O Bg7 5. Re1 Nf6 6. e5 Nd5 7. Bxc6 dxc6 8. h3 O-O 9. d3 f6 10. c4 Nb4
11. Re2 Qxd3 12. Rd2 Qxc4 13. a3 Nd5 14. b3 Qe4 15. Re2 Qf5 16. Nh4 Qh5 17. Nxg6 hxg6 18. Bb2 Bxh3 19. gxh3 Nf4 20. Rd2 Qg5+
21. Qg4 Nxh3+
0-1

[Event "Caissa"]
[Site "SchemingMind.com"]
[Date "2011.08.04"]
[Round "-"]
[White "madrugada"]
[Black "Clive Everill"]
[Result "1-0"]
[WhiteCountry "BEL"]
[BlackCountry "CZE"]
[WhiteElo "2036"]
[WhiteRD "74"]
[BlackElo "1760"]
[BlackRD "50"]
[GameID "290056"]

1. e4 e6 2. Qe2 Nf6 3. e5 Nd5 4. Nf3 d6 5. d4 Nc6 6. c4 Nb6 7. Bg5 Be7 8. Bxe7 Nxe7 9. Nc3 O-O 10. Qe4 f5
11. exf6 Rxf6 12. Bd3 Ng6 13. O-O d5 14. Qe3 Nxc4 15. Bxc4 dxc4 16. Ne4 Rf5 17. Rac1 b5 18. Nc5 Nf8 19. h3 Qf6 20. Rfe1 Rb8
21. b3 Rb6 22. bxc4 bxc4 23. Rxc4 h6 24. Ne5 Rb2 25. Ne4 Qd8 26. Qc1 Rxa2 27. Rxc7 Qh4 28. Rxc8 Rfxf2 29. Kh1 Rxg2 30. Rxf8+ Kh7
31. Nf6+ Qxf6 32. Rxf6 Rh2+ 33. Kg1 Rag2+ 34. Kf1 gxf6 35. Ng4
1-0